000 nam a22 7a 4500
999 _c8465
_d8465
008 180116b ||||| |||| 00| 0 eng d
100 _94863
_aMALHOTRA.M
245 _aENVIRONMENT STUDIES-4
260 _aMEERAT
_bARIHANT
_c2015